| Tag |
First Indicator |
Second Indicator |
Subfields |
| LEADER |
00000cam a2200000Ji 4500 |
| 001 |
in00004365708 |
| 005 |
20211110114549.0 |
| 008 |
971209s1998 nyua 000 0 eng |
| 010 |
|
|
|a 97047624
|
| 035 |
|
|
|a (OCoLC)ocm38096891
|
| 040 |
|
|
|a DLC
|b eng
|e rda
|c DLC
|d YDX
|d BAKER
|d BTCTA
|d YDXCP
|d GEBAY
|d OCLCO
|d OCLCF
|d OCLCQ
|d OCLCO
|d TXA
|
| 020 |
|
|
|a 0834804123
|q (pbk)
|
| 020 |
|
|
|a 9780834804128
|q (pbk)
|
| 029 |
1 |
|
|a AU@
|b 000013600753
|
| 029 |
1 |
|
|a GEBAY
|b 5824952
|
| 029 |
1 |
|
|a YDXCP
|b 1468180
|
| 035 |
|
|
|a (OCoLC)38096891
|
| 043 |
|
|
|a a-ch---
|
| 050 |
0 |
0 |
|a GV1100.7.A2
|b Z53 1998
|
| 082 |
0 |
0 |
|a 796.86/0951
|2 21
|
| 049 |
|
|
|a TXAM
|
| 100 |
1 |
|
|a Zhang, Yun,
|e author.
|
| 245 |
1 |
4 |
|a The art of Chinese swordsmanship :
|b a manual of taiji jian /
|c by Zhang Yun.
|
| 250 |
|
|
|a First edition.
|
| 264 |
|
1 |
|a New York :
|b Weatherhill,
|c 1998.
|
| 300 |
|
|
|a 287 pages :
|b illustrations ;
|c 26 cm
|
| 336 |
|
|
|a text
|b txt
|2 rdacontent
|
| 337 |
|
|
|a unmediated
|b n
|2 rdamedia
|
| 338 |
|
|
|a volume
|b nc
|2 rdacarrier
|
| 500 |
|
|
|a The Cushing Library/Sports/Martial Arts copy is part of the Robert W. Smith Collection.
|
| 500 |
|
|
|a The Cushing Library/Sports/Martial Arts copy is inscribed by the author to Robert W. Smith.
|
| 650 |
|
0 |
|a Martial arts
|z China.
|
| 650 |
|
0 |
|a Swordplay
|z China.
|
| 650 |
|
7 |
|a Martial arts.
|2 fast
|0 (OCoLC)fst01010821
|
| 650 |
|
7 |
|a Swordplay.
|2 fast
|0 (OCoLC)fst01140670
|
| 651 |
|
7 |
|a China.
|2 fast
|0 (OCoLC)fst01206073
|
| 650 |
0 |
7 |
|a Schwertkampf.
|2 swd
|
| 650 |
0 |
7 |
|a Einführung.
|2 swd
|
| 651 |
|
7 |
|a China.
|2 swd
|
| 653 |
|
|
|a Taiji jian.
|
| 938 |
|
|
|a Baker & Taylor
|b BKTY
|c 22.95
|d 17.21
|i 0834804123
|n 0003100755
|s active
|
| 938 |
|
|
|a Baker and Taylor
|b BTCP
|n 97047624
|
| 938 |
|
|
|a YBP Library Services
|b YANK
|n 1468180
|
| 994 |
|
|
|a C0
|b TXA
|
| 948 |
|
|
|a cataloged
|b h
|c 2021/11/10
|d c
|e zliu
|f 11:43:52 am
|
| 999 |
f |
f |
|s 97cac58e-aaba-3bb0-85f7-6c5a795a1d18
|i e8a326df-b4b2-3dce-b882-8a92afe04531
|t 0
|
| 952 |
f |
f |
|p noncirc
|a Texas A&M University
|b College Station
|c Cushing Memorial Library & Archives
|d Cushing: Sports/Smith Martial Arts (Does not check out)
|t 0
|e GV1100.7.A2 Z53 1998
|h Library of Congress classification
|i unmediated -- volume
|
| 998 |
f |
f |
|a GV1100.7.A2 Z53 1998
|t 0
|l Cushing: Sports/Smith Martial Arts (Does not check out)
|